Movies by Picture #4 - Statistics

General Stats
  • This quiz has been taken 2,615 times
  • The average score is 10 of 12
Answer Stats
Picture Hint Answer % Correct
(2008) Iron Man
96%
(1989) The Little Mermaid
90%
(2013) Frozen
89%
(2016) Deadpool
86%
(2018) Black Panther
85%
(2001) Lord of the Rings
85%
(1991) Beauty and the Beast
83%
(1977) Winnie-the-Pooh
81%
(1976) Rocky
78%
(1995) Pocahontas
73%
(1996) Independence Day
65%
(1973 / 1991) Robin Hood
62%
No matching quizzes found
Score Distribution
Percent of People with Each Score
Percentile by Number Answered
Your Score History
You have not taken this quiz